000 00373nam a22001577a 4500
005 20200521114823.0
008 200521b xxu||||| |||| 00| 0 eng d
020 _a9788174734457
041 _aeng
082 _a612 KUM
245 _aBiochemistry and clinical pathology
260 _aDelhi
_bAITBS PUBLISHERS
300 _a241p.
650 _aPharmacy
_95686
942 _cBK
999 _c6375
_d6373